| 000 | 00945nam a2200265 i 4500 | ||
|---|---|---|---|
| 001 | 103594 | ||
| 003 | ES-MaACL | ||
| 005 | 20250830221132.0 | ||
| 007 | t| | ||
| 008 | 060421s1975 pr ||||1| spa d | ||
| 080 | _a382(73:729.5) | ||
| 080 | _a94(729.5)"1898/1952" | ||
| 100 | 1 |
_aGould, Lyman Jay. _959334 |
|
| 245 | 1 | 3 |
_aLa ley Foraker _b: raices de la política colonial de los Estados Unidos / _cLyman J. Gould. |
| 250 | _a2ª ed. | ||
| 260 |
_a[Río Piedras] : _bEdit. Universitaria, _c1975. |
||
| 300 |
_a186 p. ; _c22 cm. |
||
| 490 | 1 |
_aUprex. Estudios literarios ; _v40 |
|
| 651 | 4 |
_aPuerto Rico- _xComercio exterior- _zEstados Unidos. _99278 |
|
| 651 | 4 |
_aEstados Unidos- _xComercio exterior- _zPuerto Rico _98537 |
|
| 651 | 4 |
_aPuerto Rico- _xHistoria- _y1898-1952, Gobierno norteamericano. _9149195 |
|
| 830 | 0 |
_aUprex. Estudios literarios ; _v40 _9184780 |
|
| 852 |
_aES-MaACL _jC-56827 _bR.137454 |
||
| 999 |
_c103594 _d103594 |
||